书目信息 |
| 题名: |
大数据时代
|
|
| 作者: | 迈尔-舍恩伯格 , 库克耶 著 ;盛杨燕 , 周涛 译 | |
| 分册: | ||
| 出版信息: | 杭州 浙江人民出版社 2013.01 |
|
| 页数: | 10,261页 | |
| 开本: | 23cm | |
| 丛书名: | 湛庐文化 | |
| 单 册: | ||
| 中图分类: | F062.5 | |
| 科图分类: | ||
| 主题词: | 网络经济--通俗读物 , 网络经济 | |
| 电子资源: | ||
| ISBN: | 978-7-213-05254-5 | |
| 000 | 01375oam2 2200325 450 | |
| 001 | 010050021447 | |
| 005 | 20140611153957.92 | |
| 010 | @a978-7-213-05254-5@dCNY49.90 | |
| 100 | @a20130109d2013 em y0chiy50 ea | |
| 101 | 1 | @achi@ceng |
| 102 | @aCN@b330000 | |
| 105 | @ay z 000yy | |
| 106 | @ar | |
| 200 | 1 | @a大数据时代@9da shu ju shi dai@e生活、工作与思维的大变革@dBig data@ea revolution that will transform how we live, work and think@f(英)维克托·迈尔-舍恩伯格(Viktor Mayer-Schonberger),(英)肯尼思·库克耶(Kenneth Cukier)著@g盛杨燕,周涛译@zeng |
| 210 | @a杭州@c浙江人民出版社@d2013.01 | |
| 215 | @a10,261页@d23cm | |
| 225 | 2 | @a湛庐文化@i财富汇 |
| 330 | @a本书共分为三部分,主要内容包括:大数据时代的思维变革;大数据时代的商业变革;大数据时代的管理变革。 | |
| 462 | 0 | @12001 @a湛庐文化@i财富汇 |
| 510 | 1 | @aBig data@ea revolution that will transform how we live, work and think@zeng |
| 517 | 1 | @a生活、工作与思维的大变革@9sheng huo、gong zuo yu si wei de da bian ge |
| 606 | 0 | @a网络经济@j通俗读物 |
| 606 | 0 | @a网络经济 |
| 690 | @aF062.5@v5 | |
| 701 | 0 | @c(英)@a迈尔-舍恩伯格@9mai er - she en bo ge@c(Mayer-Schonberger, Viktor)@4著 |
| 701 | 0 | @c(英)@a库克耶@9ku ke ye@c(Cukier, Kenneth)@4著 |
| 702 | 0 | @a盛杨燕@9sheng yang yan@4译 |
| 702 | 0 | @a周涛@9zhou tao@4译 |
| 801 | 0 | @aCN@bRENTIAN@c20130109 |
| 905 | @b549094-96@dF062.5@e110@f3 | |
| 大数据时代:生活、工作与思维的大变革=Big data:a revolution that will transform how we live, work and think/(英)维克托·迈尔-舍恩伯格(Viktor Mayer-Schonberger),(英)肯尼思·库克耶(Kenneth Cukier)著/盛杨燕,周涛译.-杭州:浙江人民出版社,2013.01 |
| 10,261页;23cm.-(湛庐文化.财富汇) |
| ISBN 978-7-213-05254-5:CNY49.90 |
| 本书共分为三部分,主要内容包括:大数据时代的思维变革;大数据时代的商业变革;大数据时代的管理变革。 |
| ● |
| 相关链接 |
|
|
|
|
正题名:大数据时代
索取号:F062.5/110
 
预约/预借
| 序号 | 登录号 | 条形码 | 馆藏地/架位号 | 状态 | 备注 |
| 1 | 549094 | 205490949 | 第一样本阅览室/ [索取号:F062.5/110] | 在馆 | |
| 2 | 549095 | 205490958 | 第一借阅区/ [索取号:F062.5/110] | 在馆 | |
| 3 | 549096 | 205490967 | 第一借阅区/ [索取号:F062.5/110] | 在馆 | |
| 4 | 7625150 | 276251501 | 密集书库—外国语学院/ [索取号:F062.5/110] | 在馆 |